书目信息 |
| 题名: |
阅读经典
|
|
| 作者: | 潘一禾 著 | |
| 分册: | ||
| 出版信息: | 杭州 浙江大学出版社 2004 |
|
| 页数: | 332页 | |
| 开本: | 23cm | |
| 丛书名: | 大学素质教育丛书 | |
| 单 册: | ||
| 中图分类: | Z835 | |
| 科图分类: | ||
| 主题词: | 社会科学--著作--简介--世界 | |
| 电子资源: | ||
| ISBN: | 7-308-03560-3 | |
| 000 | 00938oam2 2200265 45 | |
| 001 | 002636537 | |
| 005 | 20050411090617.5 | |
| 010 | @a7-308-03560-3@dCNY28.00 | |
| 100 | @a20040508d2004 em y0chiy0110 ea | |
| 101 | 0 | @achi |
| 102 | @aCN@b330000 | |
| 105 | @aa z 000yy | |
| 200 | 1 | @a阅读经典@Ayue du jing dian@e世界文化名著阐释@EShi Jie Wen Hua Ming Zhu Chan Shi@f潘一禾著@FPan Yi He Zhu |
| 210 | @a杭州@c浙江大学出版社@d2004 | |
| 215 | @a332页@d23cm | |
| 225 | 2 | @a大学素质教育丛书 |
| 300 | @a浙江省高等教育重点建设教材 | |
| 330 | @a本书精选了十余部世界经典文化名著进行深入而简明的阐释,引导和激励读者打破学科界限,阅读和了解最具原创性的思想大师和他们的深刻思考。 | |
| 410 | @12001 @a大学素质教育丛书 | |
| 517 | @a世界文化名著阐释@AShi Jie Wen Hua Ming Zhu Chan Shi | |
| 606 | 0 | @a社会科学@x著作@x简介@y世界 |
| 690 | @aZ835@v4 | |
| 701 | 0 | @a潘一禾@4著 |
| 801 | 0 | @aCN@bNLC@c20040607 |
| 905 | @b348242-246@dZ835@e36@f5 | |
| 阅读经典:世界文化名著阐释/潘一禾著.-杭州:浙江大学出版社,2004 |
| 332页;23cm.-(大学素质教育丛书) |
| 浙江省高等教育重点建设教材 |
| ISBN 7-308-03560-3:CNY28.00 |
| 本书精选了十余部世界经典文化名著进行深入而简明的阐释,引导和激励读者打破学科界限,阅读和了解最具原创性的思想大师和他们的深刻思考。 |
| ● |
| 相关链接 |
|
|
|
|
正题名:阅读经典
索取号:Z835/36
 
预约/预借
| 序号 | 登录号 | 条形码 | 馆藏地/架位号 | 状态 | 备注 |
| 1 | 0348242 | 203482427 | 第二样本阅览室/ [索取号:Z835/36] | 在馆 | |
| 2 | 0348243 | 203482436 | 第三借阅区/ [索取号:Z835/36] | 在馆 | |
| 3 | 0348244 | 203482445 | 第三借阅区/ [索取号:Z835/36] | 在馆 | |
| 4 | 0348245 | 203482454 | 第三借阅区/ [索取号:Z835/36] | 在馆 | |
| 5 | 0348246 | 203482463 | 第三借阅区/ [索取号:Z835/36] | 在馆 |